000 00997cam a22002414a 4500
999 _c18927
_d18927
001 16267172
005 20170114110632.0
008 100604s2011 nyua b 001 0 eng
010 _a 2010023294
020 _a9780823033157
050 0 0 _aNC730 .D278 2011
100 1 _aDavidson, Margaret
_q(Margaret A.),
_d1949-
245 1 0 _aContemporary drawing :
_bkey concepts and techniques /
_cby Margaret Davidson.
250 _a1st ed.
260 _aNew York :
_bWatson-Guptill Publications,
_cc2011.
300 _a192 p. :
_bill. (some col.) ;
_c29 cm.
650 0 _aDrawing
_xTechnique.
942 _2lcc
_cBOOKS
_hNC730 .D278 2011